header

Ethnic pride, American patriotism (Record no. 238938)

MARC details
000 -LEADER
fixed length control field 01550nam a2200361 a 4500
082 04 - DEWEY DECIMAL CLASSIFICATION NUMBER
Classification number 973/.049187
100 1# - MAIN ENTRY--AUTHOR NAME
Personal name Alexander, June Granatir,
245 10 - TITLE STATEMENT
Title Ethnic pride, American patriotism
260 ## - PUBLICATION, DISTRIBUTION, ETC. (IMPRINT)
Place of publication Philadelphia :
Name of publisher Temple University Press,
Year of publication 2004.
300 ## - PHYSICAL DESCRIPTION
Number of Pages xiv, 278 p. :
Other physical details ill.
650 #0 - SUBJECT ADDED ENTRY--TOPICAL TERM
Topical Term Slovak Americans
Topical Term Slovak Americans
Topical Term East European Americans
Topical Term East European Americans
856 40 - ELECTRONIC LOCATION AND ACCESS
Uniform Resource Identifier http://site.ebrary.com/lib/rucke/Doc?id=10182526

No items available.

© 2026 Rongo University
Contact us: librarian | system librarian | Rongo university